| 000 | 00397cam a2200145 4500 | ||
|---|---|---|---|
| 040 | _cDLC | ||
| 082 | 0 | 0 | _a658 MAC 1972 A049 Or. |
| 100 | 1 | _aBonge, John W., | |
| 245 | 1 | 0 |
_aConcepts for corporate strategy; _breadings in business policy |
| 260 |
_aNew York, _bMacmillan _c[1972] |
||
| 300 |
_axii, 603 p. _c24 cm. |
||
| 650 | 0 | _aIndustrial management. | |
| 700 | 1 | _aColeman, Bruce P., | |
| 942 | _cEK | ||
| 999 |
_c14448 _d14448 |
||